Электронейромиограф; Ресурсоэффективные системы в управлении и контроле: взгляд в будущее; Ч. 1

Dettagli Bibliografici
Parent link:Ресурсоэффективные системы в управлении и контроле: взгляд в будущее: сборник научных трудов II Международной конференции школьников, студентов, аспирантов, молодых ученых, 08 - 12 октября 2013 г./ Национальный исследовательский Томский политехнический университет (ТПУ).— , 2013
Ч. 1.— 2013.— [С. 214-217]
Autore principale: Турушев Н. В.
Ente Autore: Национальный исследовательский Томский политехнический университет (ТПУ) Институт неразрушающего контроля (ИНК) Кафедра информационно-измерительной техники (ИИТ)
Altri autori: Григорьев М. Г. (научный руководитель), Авдеева Д. К. Диана Константиновна
Riassunto:Заглавие с титульного экрана
Lingua:russo
Pubblicazione: 2013
Serie:Современные технологии в неразрушающем контроле
Soggetti:
Accesso online:http://www.lib.tpu.ru/fulltext/c/2013/C47/V1/079.pdf
Natura: Elettronico Capitolo di libro
KOHA link:https://koha.lib.tpu.ru/cgi-bin/koha/opac-detail.pl?biblionumber=603091

MARC

LEADER 00000naa2a2200000 4500
001 603091
005 20260226091934.0
035 |a (RuTPU)RU\TPU\conf\230 
035 |a RU\TPU\conf\225 
090 |a 603091 
100 |a 20131210d2013 k y0rusy50 ca 
101 0 |a rus 
102 |a RU 
135 |a drnn ---uucaa 
181 0 |a i  
182 0 |a b 
200 1 |a Электронейромиограф  |f Н. В. Турушев, М. Г. Григорьев  |g науч. рук. Д. К. Авдеева 
203 |a Текст  |c электронный 
225 1 |a Современные технологии в неразрушающем контроле 
300 |a Заглавие с титульного экрана 
320 |a [Библиогр.: с. 217 (2 назв.)] 
337 |a Adobe Reader 
461 1 |0 (RuTPU)RU\TPU\conf\171  |t Ресурсоэффективные системы в управлении и контроле: взгляд в будущее  |o сборник научных трудов II Международной конференции школьников, студентов, аспирантов, молодых ученых, 08 - 12 октября 2013 г.  |o в 4 ч.  |f Национальный исследовательский Томский политехнический университет (ТПУ)  |d 2013 
463 1 |0 (RuTPU)RU\TPU\conf\172  |t Ч. 1  |v [С. 214-217]  |d 2013 
610 1 |a труды учёных ТПУ 
610 1 |a электронный ресурс 
610 1 |a электронейромиографы 
700 1 |a Турушев  |b Н. В. 
701 1 |a Григорьев  |b М. Г. 
702 1 |a Авдеева  |b Д. К.  |c специалист в области неразрушающего контроля  |c профессор Томского политехнического университета, заведующий лабораторией медицинского приборостроения, доктор технических наук  |f 1943-  |g Диана Константиновна  |4 727 
712 0 2 |a Национальный исследовательский Томский политехнический университет (ТПУ)  |b Институт неразрушающего контроля (ИНК)  |b Кафедра информационно-измерительной техники (ИИТ)  |3 (RuTPU)RU\TPU\col\18718 
801 2 |a RU  |b 63413507  |c 20131210  |g RCR 
856 4 |u http://www.lib.tpu.ru/fulltext/c/2013/C47/V1/079.pdf 
942 |c BK